Statistics for MAC College Football Teams

Click here to take the quiz!

General Stats

  • This quiz has been taken 49 times
  • The average score is 12 of 12

Answer Stats

SchoolTeam Name/Colors% Correct
AkronZips
100%
OhioBobcats
100%
Bowling GreenFalcons
97%
BuffaloBulls
97%
Central MichiganChippewas
97%
Eastern MichiganEagles
97%
Northern IllinoisHuskies
97%
ToledoRockets
97%
Western MichiganBroncos
97%
Ball StateCardinals
91%
Kent StateGolden Flashes
91%
Miami (OH)RedHawks
91%

Score Distribution

Percentile by Number Answered

Percent of People with Each Score

Your Score History

You have not taken this quiz